00777nam a2200193 4500001000700000003000900007005001700016007000300033008004100036100002800077245017900105260003000284300002200314700004200336700002800378852003200406999001900438952012600457108263ES-MaACL20230906184618.0t|061121s1955 sp r ||||1| spa d1 aMontel, Alberto.98244610aProblemas de la responsabilidad y del daño / cAlberto Monel, versión española por Francisco Sobrao Martínez; prólogo y notas de derecho español por J. Roca Juan. aAlcoy : bMarfil, c1955. a297 p. ; c24 cm.1 aSobrao Martínez, Francisco.91069931 aRoca Juan, Juan.997999 aES-MaACLjC-22448 bR.50138 c108263d108263 00104070aATENEOMbATENEOMcGaleríad2008-01-17eSCl0oC-22448p1112969r2023-02-23 00:00:00w2023-02-23yMONOGRAFIA